000 00678nam a2200241Ia 4500
003 OSt
005 20220918225429.0
006 a|||||r|||| 00| 0
007 ta
008 220917b |||||||| |||| 00| 0 eng d
024 _a241,625
037 _cTextual
040 _aARTS
_cARTS
_beng
041 _2eng
_aeng
082 _aQ41:22512, K2
100 _aBrough John
_963221
245 0 _aGandhari dharmapada ed. with an introduction and commentary
260 _aNew York
_bOxford University Press
_c1962
490 _aLondon Oriental series; Vol.7
650 _aRELIGION
942 _hQ41:22512, K2
_cTEXL
_2CC
999 _c284642
_d284642